000 00402pam a2200169 a 4500
020 _c
041 _h
082 _a005.758 5
_bMOR/MOR
100 _aMORRISON J. AND MORRISON M.
245 _aA GUIDE TO ORACLE 8/
_hTextual Documents
250 _a01-01-2000.
260 _bTHOMSON LEARNING
300 _aXVI/800
500 _a4869
653 _aDATABASE MANAGEMENT SYSTEMS (T.E.)
930 _a4462
999 _c47687
_d47687